Biggest African Cities by Letter - E - Statistics

General Stats
  • This quiz has been taken 171 times
    126 since last reset
  • The average score is 3 of 9
Answer Stats
Pop Country Hint City % Correct
950,000 Nigeria Capital of Igboland Enugu
80%
295,644 South Africa Buffalo River East London
49%
475,716 Kenya The Rift Valley Eldoret
38%
345,126 Sudan 2023 Sudan conflict El-{Obeid}
29%
632,330 Egypt "Nile's Bride" El {Mansoura}
22%
605,504 South Africa Gauteng township Evaton
16%
204,391 Egypt Near Gaza El {Arish}
12%
206,365 Zimbabwe Outside of Harare Epworth
10%
269,395 Sudan Russian grain silo El-{Gadarif}
1%
No matching quizzes found
Score Distribution
Percent of People with Each Score
Percentile by Number Answered
Your Score History
You have not taken this quiz since the last reset